[Event "OP-2020-0-04941"]
[Site "LSS email"]
[Date "2020.03.10"]
[Round "?"]
[White "Correa de Almeida, Claudio"]
[Black "Zielaz, Tadeusz"]
[Result "0-1"]
[WhiteElo "1540"]
[BlackElo "2070"]
[PlyCount "72"]
[EventDate "2020.03.10"]
[EventType "tourn (corr)"]
[EventRounds "4"]
[EventCountry "GER"]
[SourceTitle "Corr 2022"]
[Source "ChessBase"]
[SourceDate "2021.10.24"]
[SourceVersion "1"]
[SourceVersionDate "2021.10.24"]
[SourceQuality "1"]

1. d4 Nf6 2. Bg5 e6 3. e4 h6 4. Bxf6 Qxf6 5. c3 d5 6. Qe2 Be7 7. Nd2 c5 8. Ngf3 0-0 9. 0-0-0 Nc6 10. dxc5 Bxc5 11. Nb3 Bb6 12. g3 Bd7 13. Bg2 a5 14. exd5 exd5 15. Rxd5 Be6 16. Rb5 Rfe8 17. Nfd2 a4 18. Ne4 Qe7 19. Nbc5 Bxc5 20. Nxc5 Na7 21. Ra5 Qc7 22. Nxb7 Bd5 23. Qxe8+ Rxe8 24. Bxd5 Re2 25. Rd1 Qb6 26. Rd2 Rxd2 27. Kxd2 Qxb2+ 28. Ke3 Qxc3+ 29. Ke2 Nc8 30. Be4 Nb6 31. Rc5 Qd4 32. f3 g6 33. Rc2 Nc4 34. g4 f5 35. gxf5 gxf5 36. Bc6 a3 0-1

[Event "OP-2019-0-04888"]
[Site "LSS email"]
[Date "2019.12.10"]
[Round "?"]
[White "Vontina, Maria"]
[Black "Zielaz, Tadeusz"]
[Result "0-1"]
[WhiteElo "791"]
[BlackElo "2081"]
[PlyCount "54"]
[EventDate "2019.12.02"]
[EventType "tourn (corr)"]
[EventRounds "4"]
[EventCountry "GER"]
[SourceTitle "Corr 2022"]
[Source "ChessBase"]
[SourceDate "2021.10.24"]
[SourceVersion "1"]
[SourceVersionDate "2021.10.24"]
[SourceQuality "1"]

1. e4 e5 2. Nf3 Nc6 3. Bb5 a6 4. Ba4 Nf6 5. 0-0 Be7 6. Re1 b5 7. Bb3 0-0 8. c3 d5 9. exd5 Nxd5 10. Nxe5 Nxe5 11. Rxe5 c6 12. d4 Bd6 13. Re1 Qh4 14. g3 Qh3 15. Be3 Bg4 16. Qd3 Rae8 17. Bxd5 cxd5 18. Qf1 Qh5 19. Nd2 Re6 20. a4 bxa4 21. Rxa4 f5 22. Rxa6 f4 23. Bxf4 Rxe1 24. Qxe1 Bxf4 25. gxf4 Re8 26. Qf1 Bh3 27. Qd3 Re1+ 0-1

[Event "OP-2019-0-04858"]
[Site "LSS email"]
[Date "2019.10.27"]
[Round "?"]
[White "Zielaz, Tadeusz"]
[Black "Couspeyre, Thierry"]
[Result "1-0"]
[WhiteElo "2073"]
[BlackElo "1334"]
[PlyCount "47"]
[EventDate "2019.10.04"]
[EventType "tourn (corr)"]
[EventRounds "4"]
[EventCountry "GER"]
[SourceTitle "Corr 2022"]
[Source "ChessBase"]
[SourceDate "2021.10.24"]
[SourceVersion "1"]
[SourceVersionDate "2021.10.24"]
[SourceQuality "1"]

1. e4 e5 2. Nf3 Nc6 3. Bb5 d6 4. 0-0 Bd7 5. c3 Nf6 6. Re1 Be7 7. d4 0-0 8. Ba4 h6 9. h3 Re8 10. d5 Nb8 11. Bc2 c6 12. c4 Na6 13. Nc3 Qc7 14. Be3 cxd5 15. cxd5 Nc5 16. a4 Rec8 17. Qe2 Qa5 18. Reb1 Qa6 19. Qd1 b6 20. b4 Qc4 21. bxc5 Qxc3 22. Rb3 Qa5 23. c6 Be8 24. Bd3 1-0

[Event "WC-2018-P-00004"]
[Site "LSS email"]
[Date "2018.01.22"]
[Round "?"]
[White "Kolanek, Sylwia"]
[Black "Zielaz, Tadeusz"]
[Result "1/2-1/2"]
[WhiteElo "2045"]
[BlackElo "2077"]
[PlyCount "47"]
[EventDate "2018.02.01"]
[EventType "tourn (corr)"]
[EventRounds "12"]
[EventCountry "GER"]
[SourceTitle "Corr 2022"]
[Source "ChessBase"]
[SourceDate "2021.10.24"]
[SourceVersion "1"]
[SourceVersionDate "2021.10.24"]
[SourceQuality "1"]

1. e4 c5 2. Nf3 d6 3. d4 cxd4 4. Nxd4 Nf6 5. Nc3 a6 6. Be3 e6 7. Be2 Qc7 8. f3 b5 9. a3 Nbd7 10. Qd2 Ne5 11. 0-0-0 Rb8 12. g4 Be7 13. b3 Bb7 14. g5 Nfd7 15. f4 Nc6 16. Kb2 0-0 17. Rhg1 Nc5 18. f5 Ne5 19. f6 Bd8 20. fxg7 Kxg7 21. Bf4 Kg8 22. Qe3 Rc8 23. h4 Ned7 24. g6 1/2-1/2

[Event "WC-2018-P-00004"]
[Site "LSS email"]
[Date "2018.01.22"]
[Round "?"]
[White "Permykov, Andrey"]
[Black "Zielaz, Tadeusz"]
[Result "1-0"]
[WhiteElo "2366"]
[BlackElo "2077"]
[PlyCount "75"]
[EventDate "2018.02.01"]
[EventType "tourn (corr)"]
[EventRounds "12"]
[EventCountry "GER"]
[SourceTitle "Corr 2022"]
[Source "ChessBase"]
[SourceDate "2021.10.24"]
[SourceVersion "1"]
[SourceVersionDate "2021.10.24"]
[SourceQuality "1"]

1. Nf3 Nf6 2. d4 d5 3. c4 e6 4. Nc3 c6 5. Bg5 h6 6. Bxf6 Qxf6 7. e3 Nd7 8. Be2 Bd6 9. 0-0 Qe7 10. e4 dxe4 11. Nxe4 Bc7 12. Re1 0-0 13. Bd3 Rd8 14. Qe2 b6 15. Rad1 Bb7 16. Bc2 Re8 17. a3 Rad8 18. b4 f5 19. Ng3 Qf6 20. c5 g6 21. h4 Kg7 22. Qc4 Re7 23. h5 Bxg3 24. fxg3 gxh5 25. Re3 Nf8 26. Rde1 b5 27. Qe2 Rc7 28. Ne5 Qg5 29. Bb3 Bc8 30. Kf2 Bd7 31. Rh1 Qf6 32. Rxh5 Be8 33. Rh4 Re7 34. Rf4 h5 35. a4 bxa4 36. Bxa4 Ng6 37. Nxg6 Kxg6 38. Re5 1-0

[Event "WC-2018-P-00004"]
[Site "LSS email"]
[Date "2018.01.22"]
[Round "?"]
[White "Podvoysky, Evgeny"]
[Black "Zielaz, Tadeusz"]
[Result "1/2-1/2"]
[WhiteElo "2278"]
[BlackElo "2077"]
[PlyCount "68"]
[EventDate "2018.02.01"]
[EventType "tourn (corr)"]
[EventRounds "12"]
[EventCountry "GER"]
[SourceTitle "Corr 2022"]
[Source "ChessBase"]
[SourceDate "2021.10.24"]
[SourceVersion "1"]
[SourceVersionDate "2021.10.24"]
[SourceQuality "1"]

1. e4 c5 2. Nf3 d6 3. d4 cxd4 4. Nxd4 Nf6 5. Nc3 a6 6. Nb3 e6 7. g4 b5 8. Bg2 Nfd7 9. 0-0 Nc6 10. a3 Be7 11. f4 0-0 12. Be3 Rb8 13. e5 d5 14. Ne2 Qc7 15. Nbd4 Nxd4 16. Nxd4 a5 17. Qe2 b4 18. axb4 axb4 19. Rfc1 Bc5 20. g5 Qb6 21. Rd1 Bb7 22. Bf2 Rfc8 23. h4 Ra8 24. Rxa8 Rxa8 25. Nb3 g6 26. Nxc5 Nxc5 27. Be3 Qa5 28. h5 Ba6 29. Qf2 Ne4 30. Bxe4 dxe4 31. hxg6 hxg6 32. Kg2 Rc8 33. Kg3 Qb5 34. Rd2 Kf8 1/2-1/2

[Event "WC-2018-P-00004"]
[Site "LSS email"]
[Date "2018.01.22"]
[Round "?"]
[White "Voudouris, Nick"]
[Black "Zielaz, Tadeusz"]
[Result "0-1"]
[WhiteElo "1616"]
[BlackElo "2077"]
[PlyCount "22"]
[EventDate "2018.02.01"]
[EventType "tourn (corr)"]
[EventRounds "12"]
[EventCountry "GER"]
[SourceTitle "Corr 2022"]
[Source "ChessBase"]
[SourceDate "2021.10.24"]
[SourceVersion "1"]
[SourceVersionDate "2021.10.24"]
[SourceQuality "1"]

1. d4 Nf6 2. f4 d5 3. e3 c5 4. c3 Bg4 5. Nf3 e6 6. Bd3 Be7 7. 0-0 0-0 8. Qe1 Nc6 9. Ne5 Bf5 10. Qe2 Qb6 11. Nd2 Rac8 0-1

[Event "WC-2018-P-00004"]
[Site "LSS email"]
[Date "2018.01.22"]
[Round "?"]
[White "Zielaz, Tadeusz"]
[Black "Voudouris, Nick"]
[Result "1-0"]
[WhiteElo "2077"]
[BlackElo "1616"]
[PlyCount "23"]
[EventDate "2018.02.01"]
[EventType "tourn (corr)"]
[EventRounds "12"]
[EventCountry "GER"]
[SourceTitle "Corr 2022"]
[Source "ChessBase"]
[SourceDate "2021.10.24"]
[SourceVersion "1"]
[SourceVersionDate "2021.10.24"]
[SourceQuality "1"]

1. e4 c5 2. Nf3 d6 3. d4 cxd4 4. Nxd4 Nf6 5. Nc3 a6 6. Be3 e5 7. Nb3 Be7 8. Be2 0-0 9. 0-0 Be6 10. Re1 b5 11. a4 b4 12. Nd5 1-0

[Event "CP-2017-Q-00014"]
[Site "LSS email"]
[Date "2017.11.19"]
[Round "?"]
[White "Zielaz, Tadeusz"]
[Black "Larin, Igor"]
[Result "1/2-1/2"]
[WhiteElo "2073"]
[BlackElo "2253"]
[PlyCount "48"]
[EventDate "2017.11.25"]
[EventType "tourn (corr)"]
[EventRounds "6"]
[EventCountry "GER"]
[SourceTitle "Corr 2022"]
[Source "ChessBase"]
[SourceDate "2021.10.24"]
[SourceVersion "1"]
[SourceVersionDate "2021.10.24"]
[SourceQuality "1"]

1. e4 c5 2. Nf3 d6 3. d4 cxd4 4. Nxd4 Nf6 5. Nc3 g6 6. Be3 Bg7 7. f3 0-0 8. Qd2 Nc6 9. Bc4 Bd7 10. 0-0-0 Rb8 11. Bb3 Na5 12. Kb1 b5 13. h4 Nc4 14. Bxc4 bxc4 15. h5 Qb6 16. b3 cxb3 17. cxb3 Qb4 18. Bg5 Rfe8 19. Bxf6 Bxf6 20. Nd5 Qxd4 21. Qxd4 Bxd4 22. Rxd4 Rb7 23. Rc1 Kf8 24. hxg6 hxg6 1/2-1/2

[Event "CP-2017-Q-00014"]
[Site "LSS email"]
[Date "2017.11.19"]
[Round "?"]
[White "Zielaz, Tadeusz"]
[Black "Plutarco, Fosca"]
[Result "1/2-1/2"]
[WhiteElo "2073"]
[BlackElo "1879"]
[PlyCount "50"]
[EventDate "2017.11.25"]
[EventType "tourn (corr)"]
[EventRounds "6"]
[EventCountry "GER"]
[SourceTitle "Corr 2022"]
[Source "ChessBase"]
[SourceDate "2021.10.24"]
[SourceVersion "1"]
[SourceVersionDate "2021.10.24"]
[SourceQuality "1"]

1. e4 e5 2. Nf3 Nc6 3. Bc4 Be7 4. d4 d6 5. dxe5 dxe5 6. Qxd8+ Bxd8 7. Nc3 Nf6 8. Be3 a6 9. 0-0-0 Bg4 10. h3 Bxf3 11. gxf3 Be7 12. Rhg1 Nh5 13. Nd5 Bd6 14. c3 0-0-0 15. a4 f6 16. Kc2 g6 17. h4 Kb8 18. Rb1 Ne7 19. Nxe7 Bxe7 20. a5 Bd6 21. b4 c6 22. Rgd1 Nf4 23. Kb3 Bc7 24. Rxd8+ Rxd8 25. Kc2 Rd7 1/2-1/2

[Event "CP-2017-P-00012"]
[Site "LSS email"]
[Date "2017.09.27"]
[Round "?"]
[White "Zielaz, Tadeusz"]
[Black "Klawitter, Bernd"]
[Result "1-0"]
[WhiteElo "2062"]
[BlackElo "661"]
[PlyCount "43"]
[EventDate "2017.10.01"]
[EventType "tourn (corr)"]
[EventRounds "6"]
[EventCountry "GER"]
[SourceTitle "Corr 2022"]
[Source "ChessBase"]
[SourceDate "2021.10.24"]
[SourceVersion "1"]
[SourceVersionDate "2021.10.24"]
[SourceQuality "1"]

1. e4 d5 2. exd5 Qxd5 3. Nc3 Qd8 4. Nf3 Bg4 5. h3 Bxf3 6. Qxf3 c6 7. Bc4 e6 8. 0-0 Nf6 9. Rd1 Bc5 10. d4 Be7 11. a4 0-0 12. Bd3 h6 13. a5 a6 14. Bf4 Nbd7 15. Ra4 Nd5 16. Nxd5 exd5 17. Qg3 Kh8 18. Bf5 Bh4 19. Qg4 Bg5 20. Bxg5 hxg5 21. Qh5+ Kg8 22. Qh7# 1-0

[Event "CP-2017-P-00012"]
[Site "LSS email"]
[Date "2017.09.27"]
[Round "?"]
[White "Zielaz, Tadeusz"]
[Black "Wosch, Arkadiusz Janusz"]
[Result "1/2-1/2"]
[WhiteElo "2062"]
[BlackElo "2353"]
[PlyCount "59"]
[EventDate "2017.10.01"]
[EventType "tourn (corr)"]
[EventRounds "6"]
[EventCountry "GER"]
[SourceTitle "Corr 2022"]
[Source "ChessBase"]
[SourceDate "2021.10.24"]
[SourceVersion "1"]
[SourceVersionDate "2021.10.24"]
[SourceQuality "1"]

1. e4 c5 2. Nf3 Nc6 3. d4 cxd4 4. Nxd4 Nf6 5. Nc3 d6 6. Bg5 e6 7. Qd2 a6 8. 0-0-0 Bd7 9. f4 b5 10. Bxf6 gxf6 11. Kb1 Qb6 12. Nxc6 Bxc6 13. f5 Qc5 14. Bd3 h5 15. Qe1 b4 16. Nd5 Bxd5 17. exd5 e5 18. c3 a5 19. Rc1 Bh6 20. Rc2 bxc3 21. Rxc3 Qd4 22. Qe2 Kf8 23. Rc4 Qb6 24. Qxh5 Rb8 25. Qe2 Bf4 26. h4 Kg7 27. Rc6 Qb4 28. Rc4 Qb6 29. Rc6 Qb4 30. b3 1/2-1/2

[Event "RA-2017-0-00534"]
[Site "LSS email"]
[Date "2017.08.26"]
[Round "?"]
[White "Zielaz, Tadeusz"]
[Black "Nowak, Ireneusz"]
[Result "1/2-1/2"]
[WhiteElo "2044"]
[BlackElo "2090"]
[PlyCount "57"]
[EventDate "2017.08.01"]
[EventType "tourn (corr)"]
[EventRounds "6"]
[EventCountry "GER"]
[SourceTitle "Corr 2022"]
[Source "ChessBase"]
[SourceDate "2021.10.24"]
[SourceVersion "1"]
[SourceVersionDate "2021.10.24"]
[SourceQuality "1"]

1. e4 c5 2. Nf3 d6 3. d4 cxd4 4. Nxd4 Nf6 5. Nc3 e6 6. g4 h6 7. Rg1 Be7 8. Be3 Nc6 9. Qd2 Nxd4 10. Qxd4 e5 11. Qa4+ Bd7 12. Bb5 a6 13. Bxd7+ Qxd7 14. Qxd7+ Nxd7 15. 0-0-0 Nf8 16. Kb1 Ne6 17. Nd5 Rc8 18. f3 Bd8 19. a4 f6 20. Rh1 h5 21. h3 Be7 22. Nb6 Rc6 23. b3 Nf4 24. Bxf4 Rxb6 25. Be3 Rc6 26. c4 Kf7 27. a5 g6 28. Kc2 Rh7 29. Rdf1 1/2-1/2

[Event "RB-2017-0-00340"]
[Site "LSS email"]
[Date "2017.06.15"]
[Round "?"]
[White "Pilgram, Kurt"]
[Black "Zielaz, Tadeusz"]
[Result "0-1"]
[WhiteElo "2049"]
[BlackElo "1930"]
[PlyCount "82"]
[EventDate "2017.03.25"]
[EventType "tourn (corr)"]
[EventRounds "6"]
[EventCountry "GER"]
[SourceTitle "Corr 2022"]
[Source "ChessBase"]
[SourceDate "2021.10.24"]
[SourceVersion "1"]
[SourceVersionDate "2021.10.24"]
[SourceQuality "1"]

1. e4 e5 2. f4 exf4 3. Bc4 Nf6 4. Nc3 c6 5. Bb3 d5 6. exd5 cxd5 7. d4 Bb4 8. Nge2 f3 9. gxf3 0-0 10. 0-0 h6 11. Kh1 Nc6 12. Rg1 Kh8 13. Be3 Bf5 14. Qd2 Rg8 15. Bf4 Kh7 16. Rad1 Na5 17. a3 Nxb3 18. cxb3 Be7 19. Ng3 Bg6 20. Rde1 Qd7 21. b4 Rac8 22. Qe2 Rge8 23. Be5 Bf8 24. f4 Rxc3 25. bxc3 Ne4 26. Nf1 Bf5 27. c4 f6 28. Qf3 fxe5 29. fxe5 g6 30. cxd5 Ng5 31. Rxg5 hxg5 32. Ng3 Bg4 33. Qb3 Be7 34. Rf1 Kg7 35. Kg1 Rf8 36. Rxf8 Kxf8 37. Kg2 Bd8 38. Ne4 Qb5 39. Ng3 a5 40. h3 a4 41. Qa2 Bd1 0-1

[Event "OP-2017-0-04368"]
[Site "LSS email"]
[Date "2017.06.14"]
[Round "?"]
[White "Zielaz, Tadeusz"]
[Black "Salazar Moran, Alejandro Fortunato"]
[Result "1-0"]
[WhiteElo "1956"]
[BlackElo "1473"]
[PlyCount "63"]
[EventDate "2017.06.10"]
[EventType "tourn (corr)"]
[EventRounds "4"]
[EventCountry "GER"]
[SourceTitle "Corr 2022"]
[Source "ChessBase"]
[SourceDate "2021.10.24"]
[SourceVersion "1"]
[SourceVersionDate "2021.10.24"]
[SourceQuality "1"]

1. e4 c5 2. Nf3 d6 3. d4 cxd4 4. Nxd4 Nf6 5. Nc3 e5 6. Bb5+ Nbd7 7. Nf5 a6 8. Bxd7+ Qxd7 9. Bg5 Nxe4 10. Nxg7+ Bxg7 11. Nxe4 d5 12. Nf6+ Bxf6 13. Bxf6 0-0 14. Qf3 e4 15. Qe3 Qf5 16. Bc3 f6 17. 0-0-0 Be6 18. Rhg1 Qg6 19. f3 f5 20. Qd4 Rfc8 21. fxe4 dxe4 22. g4 f4 23. Rge1 f3 24. Rxe4 Rxc3 25. bxc3 Rf8 26. Kb2 b5 27. Rf4 Qg5 28. Rxf8+ Kxf8 29. Qh8+ Bg8 30. Rd7 f2 31. h4 Qg6 32. Qe5 1-0

[Event "OP-2017-0-04354"]
[Site "LSS email"]
[Date "2017.05.25"]
[Round "?"]
[White "Zielaz, Tadeusz"]
[Black "Palla, Vit"]
[Result "1-0"]
[WhiteElo "1942"]
[BlackElo "1152"]
[PlyCount "37"]
[EventDate "2017.05.16"]
[EventType "tourn (corr)"]
[EventRounds "4"]
[EventCountry "GER"]
[SourceTitle "Corr 2022"]
[Source "ChessBase"]
[SourceDate "2021.10.24"]
[SourceVersion "1"]
[SourceVersionDate "2021.10.24"]
[SourceQuality "1"]

1. e4 e6 2. d4 d5 3. Nc3 Bb4 4. e5 c5 5. a3 Bxc3+ 6. bxc3 Nc6 7. Qg4 Nge7 8. Qxg7 Rg8 9. Qxh7 cxd4 10. Nf3 Qa5 11. Rb1 dxc3 12. h4 b6 13. Bb5 Bd7 14. Bg5 d4 15. 0-0 Qxa3 16. Bf6 0-0-0 17. Ng5 Rde8 18. Ra1 Qc5 19. Ne4 1-0

[Event "OP-2017-0-04354"]
[Site "LSS email"]
[Date "2017.05.25"]
[Round "?"]
[White "Zielaz, Tadeusz"]
[Black "Strnad, Pavel"]
[Result "1-0"]
[WhiteElo "1942"]
[BlackElo "561"]
[PlyCount "39"]
[EventDate "2017.05.16"]
[EventType "tourn (corr)"]
[EventRounds "4"]
[EventCountry "GER"]
[SourceTitle "Corr 2022"]
[Source "ChessBase"]
[SourceDate "2021.10.24"]
[SourceVersion "1"]
[SourceVersionDate "2021.10.24"]
[SourceQuality "1"]

1. e4 d6 2. d4 Nf6 3. Nc3 c6 4. f4 Bg4 5. Qd2 Qa5 6. f5 Nxe4 7. Nxe4 Qxd2+ 8. Bxd2 Bxf5 9. Bd3 Bxe4 10. Bxe4 g6 11. Nf3 Bg7 12. 0-0-0 Nd7 13. Bd3 0-0 14. g4 b5 15. h4 Nf6 16. g5 Ng4 17. Rdf1 a5 18. h5 e5 19. h6 Bh8 20. Rhg1 1-0

[Event "OP-2017-0-04352"]
[Site "LSS email"]
[Date "2017.05.21"]
[Round "?"]
[White "Nilsson, Bjoern"]
[Black "Zielaz, Tadeusz"]
[Result "0-1"]
[WhiteElo "450"]
[BlackElo "1942"]
[PlyCount "40"]
[EventDate "2017.05.12"]
[EventType "tourn (corr)"]
[EventRounds "4"]
[EventCountry "GER"]
[SourceTitle "Corr 2022"]
[Source "ChessBase"]
[SourceDate "2021.10.24"]
[SourceVersion "1"]
[SourceVersionDate "2021.10.24"]
[SourceQuality "1"]

1. d4 d5 2. e3 e6 3. Qe2 Bd6 4. Nf3 Nf6 5. h3 0-0 6. c3 c5 7. Qd3 Re8 8. Nbd2 Nc6 9. dxc5 Bxc5 10. g3 e5 11. Qc2 Bd7 12. b3 Rc8 13. Nh2 Nd4 14. exd4 exd4+ 15. Be2 Bb5 16. c4 dxc4 17. bxc4 d3 18. Qb3 Rxe2+ 19. Kf1 Qd4 20. Rb1 Qxf2# 0-1

[Event "SB-2017-0-00490"]
[Site "LSS email"]
[Date "2017.03.19"]
[Round "?"]
[White "Zielaz, Tadeusz"]
[Black "Yloenen, Olli"]
[Result "1/2-1/2"]
[WhiteElo "1903"]
[BlackElo "1892"]
[PlyCount "65"]
[EventDate "2017.02.13"]
[EventType "tourn (corr)"]
[EventRounds "6"]
[EventCountry "GER"]
[SourceTitle "Corr 2022"]
[Source "ChessBase"]
[SourceDate "2021.10.24"]
[SourceVersion "1"]
[SourceVersionDate "2021.10.24"]
[SourceQuality "1"]

1. e4 c5 2. Nf3 d6 3. d4 cxd4 4. Nxd4 Nf6 5. Nc3 a6 6. Bg5 Nbd7 7. Qe2 e6 8. f4 Qc7 9. 0-0-0 b5 10. a3 Bb7 11. g4 Be7 12. Bh4 h6 13. Bg2 Qc4 14. Qxc4 bxc4 15. h3 Nc5 16. Rhe1 Rc8 17. f5 e5 18. Bxf6 Bxf6 19. Nf3 Be7 20. h4 Nd7 21. Kb1 Rc5 22. Bf1 Nb6 23. Be2 a5 24. Rg1 Bc6 25. Rg3 Na4 26. Nxa4 Bxa4 27. Rd5 Rxd5 28. exd5 c3 29. bxc3 g6 30. fxg6 fxg6 31. Bd3 g5 32. hxg5 Bxg5 33. Nxg5 1/2-1/2

[Event "WC-2017-P-00013"]
[Site "LSS email"]
[Date "2017.01.23"]
[Round "?"]
[White "Frijling, Jeroen"]
[Black "Zielaz, Tadeusz"]
[Result "1/2-1/2"]
[WhiteElo "2270"]
[BlackElo "1903"]
[PlyCount "126"]
[EventDate "2017.02.01"]
[EventType "tourn (corr)"]
[EventRounds "12"]
[EventCountry "GER"]
[SourceTitle "Corr 2022"]
[Source "ChessBase"]
[SourceDate "2021.10.24"]
[SourceVersion "1"]
[SourceVersionDate "2021.10.24"]
[SourceQuality "1"]

1. e4 e5 2. Nf3 Nc6 3. Bc4 Bc5 4. 0-0 Nf6 5. d3 d6 6. c3 0-0 7. Re1 a5 8. Bg5 h6 9. Bh4 Be6 10. Nbd2 Bxc4 11. Nxc4 b5 12. d4 exd4 13. cxd4 Nxd4 14. Nxd4 bxc4 15. Nf5 Re8 16. Qf3 Kh7 17. Rad1 Re5 18. h3 Rb8 19. Re2 d5 20. Red2 c6 21. Nxh6 Rxe4 22. Ng4 Re6 23. Qf5+ Kg8 24. Bxf6 Rxf6 25. Nxf6+ Qxf6 26. Qxf6 gxf6 27. b3 cxb3 28. axb3 Rxb3 29. Rc2 Rb5 30. Rdc1 Ba3 31. Ra1 Bc5 32. Kf1 Kf8 33. Ke2 Ke7 34. h4 Kd7 35. Rac1 Ba3 36. Rh1 Rb8 37. h5 Bb4 38. h6 Rh8 39. Rh5 Rh7 40. Rc1 Kd6 41. g4 a4 42. Kd3 a3 43. Rch1 c5 44. Rf5 Ke6 45. f4 a2 46. Rfh5 c4+ 47. Kd4 Ba5 48. Ra1 Bb6+ 49. Kc3 Ba5+ 50. Kc2 Bc7 51. Rxa2 Bxf4 52. Ra6+ Ke7 53. Rf5 Bg5 54. Rxd5 Rxh6 55. Rc5 Rh2+ 56. Kd1 Rd2+ 57. Ke1 Rd6 58. Ra7+ Kf8 59. Rcc7 Bd2+ 60. Ke2 Kg7 61. Rxf7+ Kh6 62. Ra4 c3 63. Rc4 Kg6 1/2-1/2

[Event "WC-2017-P-00013"]
[Site "LSS email"]
[Date "2017.01.23"]
[Round "?"]
[White "Wosch, Arkadiusz Janusz"]
[Black "Zielaz, Tadeusz"]
[Result "1-0"]
[WhiteElo "2335"]
[BlackElo "1903"]
[PlyCount "105"]
[EventDate "2017.02.01"]
[EventType "tourn (corr)"]
[EventRounds "12"]
[EventCountry "GER"]
[SourceTitle "Corr 2022"]
[Source "ChessBase"]
[SourceDate "2021.10.24"]
[SourceVersion "1"]
[SourceVersionDate "2021.10.24"]
[SourceQuality "1"]

1. e4 e5 2. Nf3 Nc6 3. Bc4 Bc5 4. c3 Nf6 5. d3 d6 6. 0-0 0-0 7. Re1 a6 8. Bb3 Re8 9. Bg5 Ba7 10. Bh4 h6 11. Na3 Na5 12. Bc2 c5 13. Nc4 Nxc4 14. dxc4 b5 15. Qe2 Rb8 16. cxb5 axb5 17. a4 bxa4 18. Bxa4 Rf8 19. Bc6 Bb6 20. Bxf6 Qxf6 21. Nd2 Be6 22. Nc4 Bxc4 23. Qxc4 g6 24. g3 h5 25. h4 Rfc8 26. Bd5 Rc7 27. Re3 Ra7 28. Rxa7 Bxa7 29. Kg2 Rf8 30. Rf3 Qe7 31. b4 cxb4 32. cxb4 Kg7 33. Qc6 f6 34. Ra3 Bd4 35. b5 Rb8 36. Ra8 Rxa8 37. Qxa8 Qf8 38. Qc6 Qd8 39. Qb7+ Kh6 40. Qf7 Bb6 41. Bc4 Qh8 42. Bb3 Qd8 43. Be6 Qh8 44. Bb3 Qd8 45. Bd5 Qh8 46. Bc4 Qd8 47. Bb3 Ba5 48. Be6 Qh8 49. f3 Bb6 50. Kh3 Qg7 51. Qe8 Bc5 52. Qc8 Bb6 53. g4 1-0